| 000 | 01690nab a2200229 i 4500 | ||
|---|---|---|---|
| 003 | BR-BrBNA | ||
| 005 | 20250415104647.0 | ||
| 008 | 250415b2016 bl.qr|pooa||| 00| 0 por | | ||
| 040 |
_aBR-BrBNA _bpor |
||
| 072 | _aF70 | ||
| 100 | _aHall, Climbiê Ferreira | ||
| 245 | _aFlora das cangas da Serra dos Carajás, Pará, Brasil: Proteaceae | ||
| 500 | _aPublicação on-line; 5 ref.; 1 illus.; Summaries (En, Pt) | ||
| 520 | _a Resumo O presente estudo apresenta o tratamento taxonômico de Proteaceae para as formações de canga da Serra dos Carajás (Pará, Brasil), onde foi registrada apenas uma espécie, Roupala montana, táxon de ampla variação morfológica e distribuição Neotropical. São apresentadas descrição detalhada, comentários e ilustração da espécie. Palavras-chave: FLONA Carajás, Roupala montana, taxonomia. Abstract This study presents the taxonomic treatment of Proteaceae for the canga formations of the Serra dos Carajás (Pará state, Brazil), where only one species was recorded, Roupala montana, taxon of wide morphological variation and Neotropical distribution. Detailed description, comments and illustration of the species are presented. Key words: FLONA Carajás, Roupala montana, taxonomy. | ||
| 650 | _aCARAJÁS | ||
| 650 | _aTAXONOMIA | ||
| 650 | _aPARÁ | ||
| 773 | 0 |
_0709 _9349694 _dRio de Janeiro-RJ Jardim Botanico do Rio de Janeiro 1935 _o2025-2214 _tRodriguésia (Brazil) _x0370-6583; 2175-7860 on-line _gv. 67(5 special number) p. 1463-1465; (2016) _wBR2025000682 |
|
| 856 | _uhttps://www.scielo.br/j/rod/a/vpkKzVmNyrjPrmDkzvXM9Lx/?format=pdf&lang=pt | ||
| 942 | _cANA | ||
| 999 |
_c331037 _d331037 |
||